000 00531nam a2200205Ia 4500
005 20250508150211.0
008 008 250505s9999 xx 000 0 eng d
037 _aTextual
040 _aFEDL
_beng
_cFEDL
041 _aeng
_2eng
084 _a150, MOR
_qFEDL
100 _aMorgan John J B
_9755803
245 0 _aPsychology
260 _aNew York, USA
_bFarrar and Rinehart
_c1941
300 _axxi,612p
365 _aINR
_b15
650 _aPsychology
942 _cTEXL
_h150, MOR
999 _c1322353
_d1322353